Käthe Kollwitz : gráfica : una exposición del Consejo Alemán de Arte /
Käthe Kollwitz (1867-1945), la artista gráfica más representativa del naturalismo y expresionismo alemán. En sus grabados y litografías reflejó el sufrimiento de la clase obrera y los motivos dominantes de su trabajo fueron las figuras de una madre, un niño y la muerte. Su obra fue concebida como pr...
Збережено в:
| Автор: | |
|---|---|
| Інші автори: | |
| Формат: | Книга |
| Мова: | Іспанська |
| Предмети: | |
| Теги: |
Немає тегів, Будьте першим, хто поставить тег для цього запису!
|
MARC
| LEADER | 00000nam^a2200000^a^4500 | ||
|---|---|---|---|
| 001 | 000361158 | ||
| 005 | 20250521000000.0 | ||
| 009 | 20260310115444.892 | ||
| 037 | |a Acervo ITESO - Biblioteca | ||
| 041 | |a ESP | ||
| 082 | |a 769. 943 |b KOL MAR | ||
| 100 | |a Kollwitz, Käthe |e (autor) | ||
| 245 | 1 | 0 | |a Käthe Kollwitz : |b gráfica : una exposición del Consejo Alemán de Arte / |c K. Kollwitz, K. Martin ; tr. por Bonn García Díaz. |
| 264 | |a México : |b Consejo Alemán de Cultura, |c 1966 | ||
| 300 | |a [18] p. | ||
| 336 | |a texto |b txt |2 rdacontenido | ||
| 337 | |a sin mediación |b n |2 rdamedio | ||
| 338 | |a volumen |b nc |2 rdasoporte | ||
| 520 | |a Käthe Kollwitz (1867-1945), la artista gráfica más representativa del naturalismo y expresionismo alemán. En sus grabados y litografías reflejó el sufrimiento de la clase obrera y los motivos dominantes de su trabajo fueron las figuras de una madre, un niño y la muerte. Su obra fue concebida como protesta social y fue denunciada ante el régimen nazi, motivo por el cuál vivió escondida desde 1933 hasta su muerte, acaecida en 1945. | ||
| 649 | |a XX | ||
| 650 | |a Grabadores Alemanes - |x Biografías | ||
| 650 | |a Artistas Alemanes - |x Biografías | ||
| 650 | |a Naturalismo - |x Historia y Crítica | ||
| 650 | |a Expresionismo - |x Historia y Crítica | ||
| 650 | |a Grabado Alemán - |x Exposiciones - |x Tema Principal | ||
| 650 | |a Grabado Alemán - |x Catálogos - |x Tema Principal | ||
| 650 | |a Grabado Alemán - |x Historia y Crítica | ||
| 650 | |a Arte Alemán - |x Exposiciones | ||
| 650 | |a Arte Alemán - |x Catálogos | ||
| 650 | |a Arte Alemán - |x Historia y Crítica | ||
| 650 | |a Kollwitz, Käthe | ||
| 700 | |a Martin, Kurt |e (autor) | ||
| 910 | |a Fondo Ignacio Díaz Morales | ||
| 920 | |a Impresos - Libros | ||
| 930 | |a Arquitectos Jaliscienses | ||
| 905 | |a 114 | ||
| 901 | |a 0500254920 |b IT1 |c JAL |i D67735 |u 20250521 | ||
| 902 | |a https://opac.biblio.iteso.mx/vufind/Record/000361158 | ||